Les Cadeaux de Noël des Français - Statistiques

Statistiques générales
  • Ce quiz a été pris 134 fois
  • Le résultat moyen est 8 sur 20
Statistiques - réponses
LE TOP LISTE DE CADEAUX % Correct
9 Portables
81%
4 Vêtements
68%
1 Livres
64%
3 Chocolats
62%
2 Parfum
60%
7 Jouets
57%
5 Argent
55%
10 Bijoux
53%
19 Chaussures
53%
14 Activité Spa Restaurant...
44%
8 Jeux vidéo
41%
16 Objets déco
30%
15 Casque audio / écouteurs
21%
18 Peluches
20%
6 Carte cadeaux
14%
13 Accessoires de mode
13%
11 Produits de Beauté
10%
12 Bouteille de vin
9%
20 Accessoires maison
0%
17 Appareils électroniques
0%
Aucun quiz correspondant
Distribution des résultats
% des personnes avec chaque résultat
Percentile par nombre de réponses
Votre historique - résultats
Vous n’avez pas pris ce quiz